| 000 | 00723nam a2200217Ia 4500 | ||
|---|---|---|---|
| 003 | GCL | ||
| 008 | 140319s9999 xx 000 0 ara d | ||
| 020 | _a0085979977 | ||
| 040 |
_aGCL / _cGCL |
||
| 082 | 0 | 4 |
_a212.7 _bهـ غ |
| 100 | 1 | _aهشام عبدالعزيز | |
| 245 | 1 | 0 |
_aالغناء والرقص فى الاسلام / _cهشام عبدالعزيز |
| 250 | _aالاولى | ||
| 260 |
_aالقاهرة : _bدار الخيال ، _c2000 |
||
| 300 |
_a159 ص ؛ _c24 سم |
||
| 650 | 0 | 4 | _aالاخلاق الاسلامية |
| 650 | 0 | 4 | _aاحكام الموسيقى - الاسلام |
| 650 | 0 | 4 | _aاحكام الغناء - الاسلام |
| 650 | 0 | 4 | _aاحكام الرقص - الاسلام |
| 942 |
_2ddc _cBK |
||
| 999 |
_c6234 _d6234 |
||